Sports Quiz

Random Sports or Popular Quiz

Popular New York High School Nicknames Quiz Stats

 Plays Quiz not verified by Sporcle

Challenge
Share
Tweet
Embed
Score 0/10 Timer 03:00
0 Plays Today
Number Name % Correct
42Tigers
85.3%
47Eagles
79.4%
27Lions
70.6%
29Wildcats
67.6%
56Panthers
55.9%
36Warriors
55.9%
41Indians
52.9%
33Bulldogs
50%
25Knights
35.3%
30Blue Devils
14.7%

You're not logged in!

Compare scores with friends on all Sporcle quizzes.
OR
Log In

You Might Also Like...

Show Comments

Extras

Top Quizzes Today


Score Distribution

Your Account Isn't Verified!

In order to create a playlist on Sporcle, you need to verify the email address you used during registration. Go to your Sporcle Settings to finish the process.

Report this User

Report this user for behavior that violates our Community Guidelines.

Details: